Aporte del diseño bioclimático a la sustentabilidad de áreas urbanas en zonas áridas /

Partiendo de la certeza ineludible de que toda estrategia tendiente a la sustentabilidad de los asentamientos humanos requiere indefectiblemente programas sistemáticos de sustitución energética, la aplicación masiva de la oferta climática en la construcción del hábitat regional es un componente esen...

Full description

Bibliographic Details
Main Author: Papparelli, Alberto
Other Authors: Cunsulo, Mario, Kurban, Alejandra
Format: Analitica de revista
Language:Spanish
Published: Santiago, Chile Universidad de Chile 2003
Subjects:
Online Access:Acceso electrónico al documento

MARC

LEADER 00000cab a2200000 a 4500
001 042179
003 UAHC_CL
005 20180801183310.0
008 031122s2003 cl 000 spa
952 |0 0  |1 0  |4 0  |6 REVISTA_INVI46_03_000000000000000  |7 0  |8 General  |9 78858  |a BC  |b BC  |c General  |d 2017-08-03  |l 0  |o REVISTA INVI-46/03  |p FICTICIO15455  |r 2019-01-08 00:00:00  |t 1  |w 2017-08-03  |y REVA 
999 |c 42179  |d 42179 
040 |a UAHC_CL  |c UAHC_CL  |d UAHC_CL 
100 1 |a Papparelli, Alberto 
245 1 0 |a Aporte del diseño bioclimático a la sustentabilidad de áreas urbanas en zonas áridas /  |c Alberto H. Papparelli, Alejandra S. Kurban y Mario Cúnsulo. 
260 |b Universidad de Chile  |c 2003  |a Santiago, Chile 
300 |a pp. 61-68 
500 |a En: Revista INVI, no. 46, 2003. p. 61-68. 07181299. 
520 |a Partiendo de la certeza ineludible de que toda estrategia tendiente a la sustentabilidad de los asentamientos humanos requiere indefectiblemente programas sistemáticos de sustitución energética, la aplicación masiva de la oferta climática en la construcción del hábitat regional es un componente esencial en dicha sustitución de recursos energéticos renovables.\En ese contexto, el trabajo presenta algunas recomendaciones de diseño urbano bioclimático, producto de investigaciones realizadas por el Área Arquitectura Ambiental de la Facultad de Arquitectura y Diseño sobre la ciudad de San Juan (Argentina), localizada en la Franja Arida de América del Sur. 
650 4 |a BIOCLIMATOLOGIA  |z ARGENTINA 
653 |a PEDAGOGIA EN HISTORIA Y CIENCIAS SOCIALES 
653 |a LICENCIATURA EN HISTORIA 
700 1 |a Cunsulo, Mario 
700 1 |a Kurban, Alejandra 
773 0 |t Revista mexicana de sociología  |w 041118 
856 |u http://www.revistainvi.uchile.cl/index.php/INVI/article/view/402/836  |y Acceso electrónico al documento 
900 |a REVISTA INVI-46/03 
942 |c REVA  |2 ddc